00309nam a2200133Ia 4500008004100000041000800041082001800049100001800067245001800085260002500103300001100128650001400139650002200153210719s9999 xx 000 0 und d aeng a324.2092 INDI aINDIRA GANDHI aIndira Gandhi bMangalore university a74bHB aBiography aPolitical Science